00954cam a22002534a 4500008004100000020002500041100001900066245006500085260005200150300003200202440004500234500002000279504004100299651007400340651006500414610004100479650003600520650004400556651003600600650003700636003000100673005001700674040000900691  a9781107004191 (hbk.)1 aPeters, Krijn.10aWar and the crisis of youth in Sierra Leone /cKrijn Peters. aCambridge :bCambridge University Press,c2011. axv, 274 p. :bmap ;c24 cm. aThe international African library ;v41. aIncludes index. aIncludes bibliographical references. 0aSierra LeonexHistoryyCivil War, 1991-2002xParticipation, Juvenile. 0aSierra LeonexHistoryyCivil War, 1991-2002xSocial aspects.20aRevolutionary United FrontxHistory. 0aChildren and warzSierra Leone. 0aYouthzSierra LeonexSocial conditions. 0aSierra LeonexRural conditions. 0aRural developmentzSierra Leone.20230123122039.0 cNUST